00438nam a2200181Ia 4500003000400000005001700004008004100021040000700062041000800069082002300077100001700100245003600117260004400153300001300197365001300210650001400223650001900237OSt20230509163059.0210423s1995 xx 000 0 und d cAL aeng a338.954 223bMYNI aMYNERI (S R) aIndian economics for law course aHaryanabAllahabad Bad Law Agencyc1995 av,26bPB b150cINR aEconomics aIndian Economy